Smartness guide : (Record no. 89444)

MARC details
000 -LEADER
fixed length control field 00648nam a22002057a 4500
005 - DATE AND TIME OF LATEST TRANSACTION
control field 20141021122940.0
010 ## - LCCN (DPL NO)
LC control number ENG-111014
020 ## - INTERNATIONAL STANDARD BOOK NUMBER
Terms of availability 195.00
International Standard Book Number 9788175157026
035 ## - SYSTEM CONTROL NUMBER
System control number EN-94546
037 ## - SOURCE OF ACQUISITION
Source of stock number/acquisition DBAD/PUB
082 ## - DEWEY DECIMAL CLASSIFICATION NUMBER
Classification number 158.1
100 ## - MAIN ENTRY--PERSONAL NAME
Personal name Rao, M.S.
245 ## - TITLE STATEMENT
Title Smartness guide :
Statement of responsibility, etc by M.S. Rao, M. Ganesh Sai [and] M. Ramakrishna Sayee
Remainder of title success tools for students /
260 ## - PUBLICATION, DISTRIBUTION, ETC. (IMPRINT)
Place of publication, distribution, etc New Delhi
Name of publisher, distributor, etc Galgotia Publications
Date of publication, distribution, etc 2012
270 ## - ADDRESS
City New Delhi
Postal code 110002
Address 5, Ansari Road, Darya Ganj
300 ## - PHYSICAL DESCRIPTION
Extent xii,118p.
Dimensions 22cm(pbk)
700 ## - ADDED ENTRY--PERSONAL NAME
Personal name Sai, M. Ganesh
700 ## - ADDED ENTRY--PERSONAL NAME
Personal name Sayee, M. Ramakrishna
942 ## - ADDED ENTRY ELEMENTS (KOHA)
Source of classification or shelving scheme Dewey Decimal Classification
Item type English Books
Call number suffix RAO
Classification part 158.1
Holdings
Withdrawn status Lost status Not for loan Collection code Home library Current library Date acquired Source of acquisition Cost, normal purchase price Full call number Barcode Copy number Cost, replacement price Koha item type
    Not For Loan Non-fiction D.B.Act.Division D.B.Act.Division 20/10/2014 DBAD/PUB 195.00 158.1 RAO EN-94546 1 195.00 English Books

© Delhi Public Library
Hit Counter
free hit counter